000 00480nmm a2200169Ia 4500
008 251105s9999||||xx |||||||||||||||||und||
020 _a9789878918495
041 _aspa
100 _aMarion, Louis
245 0 _aEl arte del retrato
264 _a[Buenos Aires, Argentina] :
_bEditorial Sb,
_c2023
300 _a213 páginas
490 _aParadigma indicial
650 _aPainting & Decorative Arts
856 _uhttps://public.digitaliapublishing.com/a/129907
942 _cCF
999 _c97742
_d97742